000
00236nam a2200097Ia 4500
001
641742
005
20250826153513.0
008
250824s9999 xx 000 0 und d
245
0
_a
ATEŞ HIRSIZI NIN KAÇIŞI
_c
TERRY DEARY
260
_b
TUDEM
999
_c
641742
_d
641742